000 00639nas a2200229 4500
001 BR7905401
003 BR-BrBNA
005 20231205083929.0
007 ta
008 230509b bl.|||p| |||| 00| 00por d
040 _aBR-BrBNA
_bpor
_cBiblioteca Nacional de Agricultura
041 _a(Pt)
072 _aN20
100 1 _aSaad, O.
245 1 _aGrade de discos: como efetuar um bom trabalho [Trator]
650 _aEquipamento rural
650 _aTrator
650 _aGrade de disco
773 0 _tGranja (Brazil)
_x
_g(Jul 1979), v. 35(378) p. 45-46
_wBR7905401
909 _a202311
_bLúcia
_c55
_dLúcia Elande
942 _2AGRIS
_n0
_cANA
999 _c102102
_d102102